000
00202 a2200109 4500
020
_a
9789968125116
041
_a
spa
100
_a
Cepeda, Louis
245
_a
Tiemo de Leer
942
_c
BK
952
_7
1
999
_c
18222
_d
18222